Ładuje się......
Rites and ceremonies of Hindus and Muslims /
| 1. autor: | |
|---|---|
| Format: | Printed Book |
| Wydane: |
New Delhi :
Amar Prakashan ,
1983.
|
| Hasła przedmiotowe: |
| LEADER | 00490cam a2200157ua 4500 | ||
|---|---|---|---|
| 999 | |c 32437 |d 32437 | ||
| 082 | 1 | 4 | |a 330.0954 |b ROS-R |
| 100 | 1 | |a Rose, H A . | |
| 245 | 0 | 0 | |a Rites and ceremonies of Hindus and Muslims / |
| 260 | |a New Delhi : |b Amar Prakashan , |c 1983. | ||
| 300 | |a 228p. | ||
| 650 | 0 | |a Hinduism | |
| 650 | 0 | |a Islam | |
| 650 | 0 | |a Religious ceremonies | |
| 942 | |c BK | ||
| 952 | |0 0 |1 0 |4 0 |6 294_538000000000000_ROSR |7 0 |9 41580 |a KU |b KU |d 2015-07-05 |g 150.00 |l 0 |o 294.538 ROS-R |p AN00241 |r 2015-07-05 |y BK | ||